| 000 | 00736nam a22002417a 4500 | ||
|---|---|---|---|
| 003 | BCEG | ||
| 005 | 20260324125229.0 | ||
| 008 | 260324s2024 mx |||||||||||||||||spa d | ||
| 020 | _a9786073922289 | ||
| 040 |
_aBCEG _bspa _cBCEG |
||
| 082 | 0 | 4 |
_a305.4332 _bZ570p |
| 100 | 1 | _aZepeda Patterson, Jorge. | |
| 245 | 1 | 0 |
_aPresidenta _b: la victoria de una mujer en un país de hombres. |
| 260 |
_aCiudad de México : _bPlaneta Mexicana : Booket, _c2024. |
||
| 300 |
_a236 (xvi) p. : _bfots., col. |
||
| 490 | _aActualidad. | ||
| 504 | _aIncluye bibliografía. | ||
| 541 | _aCompra. | ||
| 600 |
_aSheinbaum Pardo, Claudia, _d1962-. |
||
| 650 | 1 | 4 | _aMujeres en la política. |
| 650 | 1 | 4 |
_aPresidentes _zMéxico _vBiografía. |
| 942 | _cBK | ||
| 999 |
_c437127 _d437127 |
||